Controle externo contratual : (Record no. 544)

MARC details
000 -LÍDER
Campo Fixo de Controle 00748nam a2200241 a 4500
001 - NÚMERO DE CONTROLE
Campo de Controle 544
003 - IDENTIFICAÇÃO DO NÚMERO DE CONTROLE
Campo de Controle BR-CuiBMT
005 - DATA E HORA DA ÚLTIMA ATUALIZAÇÃO
Campo de Controle 20231116192330.0
008 - DADOS FIXOS
Dados Fixos 231109b 2006spba 000 0 por d
020 ## - INTERNATIONAL STANDARD BOOK NUMBER
Nº do ISBN 8576741709
040 ## - AGÊNCIA CATALOGADORA
Código da Agência Catalogadora BR-CuiBMT
Agência que transcreveu o registro BR-CuiBMT
080 ## - Nº DA CLASSIFICAÇÃO DECIMAL UNIVERSAL
Nº edição CDU 2007
Nº Class. CDU 35.078.3
090 ## - NÚMERO DE CHAMADA
Nº classificação 35.078.3
Cutter G948c
100 1# - ENTRADA PRINCIPAL -- AUTOR PESSOAL
Nome pessoal Guidugli, João Henrique
245 10 - TÍTULO PRINCIPAL
Título principal Controle externo contratual :
Subtítulo o desenvolvimento da empresa e os grupos de contratos sob o direito societário /
Indicação de responsabilidade João Henrique Guidugli.
260 ## - PUBLICAÇÃO, DISTRIBUIÇÃO, ETC.
Local de publicação São Paulo :
Editora Quartier Latin,
Data 2006.
300 ## - DESCRIÇÃO FÍSICA
N. páginas ou volumes 207 p. :
Ilustrações il. ;
Dimensões 21 cm
504 ## - NOTA DE BIBLIOGRAFIA, ETC.
Nota de bibliografia Inclui bibliografia.
650 ## - ASSUNTO TÓPICO
Cabeçalho tópico ou nome geográfico Sociedades por ações
Subdivisão geográfica Brasil
650 ## - ASSUNTO TÓPICO
Cabeçalho tópico ou nome geográfico Acionistas
Subdivisão geográfica Brasil
830 ## - ENTRADA SECUNDÁRIA DE SÉRIE -- TÍTULO UNIFORME
Nº do volume/designação sequencial da série 2
942 ## - ELEMENTOS DE ENTRADA ADICIONAIS (KOHA)
Fonte de classificação ou esquema de arquivamento Classificação Decimal Universal
Tipo de item do Koha Livros
Holdings
Estado: removido Estado: perdido Fonte de classificação ou esquema de arquivamento Estado: danificado Indisponível para empréstimo Localização permanente Localização atual Data de aquisição Total Checkouts Número de Chamada completo Código de barras Date last seen Número do exemplar Preço efetivo a partir de Tipo de item (Koha)
    Classificação Decimal Universal     Biblioteca da Escola Superior de Contas do TCE/MT Biblioteca da Escola Superior de Contas do TCE/MT 16/11/2023   35.078.3 G948c BIBTCEMT23110660 16/11/2023 Ex. 1 16/11/2023 Livros
    Classificação Decimal Universal     Biblioteca da Escola Superior de Contas do TCE/MT Biblioteca da Escola Superior de Contas do TCE/MT 07/12/2023   35.078.3 G948c BIBTCEMT23120299 07/12/2023 Ex. 2 07/12/2023 Livros

Powered by Koha